00329nam a2200121Ia 4500008004100000041000800041082001500049100001900064245004000083260004400123300003300167365000700200240624s9999 xx 000 0 und d aeng a004.16 JOR aJORDAN HARRY F aFUNDAMENTALS OF PARALLEL PROCESSING c2003aNew DelhibPrentice-Hall of India axviii, : 536 : p. : cm. ; 26 cRS